000 00660nam a2200241 i 4500
001 C2-0255289
003 PPAK
005 20180727223105.0
008 040528s1986 my a|||| ||||| | may d
020 _a9679520706
040 _aPPAK
_beng
_cPPAK
_erda
082 0 4 _a059.5112
_223
090 0 0 _a059.5112
_bKED
_dK
245 0 0 _aKedah
264 1 _aPetaling Jaya, Selangor :
_bKompas ,
_c1986
300 _a30 pages :
_bcolour illustrations ;
_c18 cm
336 _2rdacontent
_atext
337 _2rdamedia
_aunmediated
338 _2rdacarrier
_avolume
490 1 _aMalaysia tanah air tercinta
830 0 _aMalaysia tanah air tercinta
942 _ddc
_cB
999 _c67789
_d67789